[Event "SVK-ch U14"]
[Site "Dudince"]
[Date "2023.04.16"]
[Round "1"]
[White "Cech, Matej2222"]
[Black "Paholok, Adam"]
[Result "0-1"]
[WhiteElo "1370"]
[BlackElo "1526"]
[PlyCount "90"]
[EventDate "2023.04.16"]
[EventType "swiss"]
[EventRounds "9"]
[EventCountry "SVK"]
[SourceTitle "CBM 213 Extra"]
[Source "ChessBase"]
[SourceDate "2023.05.31"]
[SourceVersion "1"]
[SourceVersionDate "2023.05.31"]
[SourceQuality "1"]

1. e4 e6 2. d4 d5 3. e5 c5 4. c3 Nc6 5. Nf3 Qb6 6. Bd3 cxd4 7. cxd4 Bd7 8. Bc2 Rc8 9. Nc3 Nge7 10. Na4 Qc7 11. Nc5 Nxd4 12. Qxd4 Qxc5 13. Ba4 Qa5+ 14. Bd2 Qxa4 15. Qxa4 Bxa4 16. 0-0 Ng6 17. Be3 a6 18. Rac1 Bc6 19. a4 Be7 20. Rfd1 0-0 21. b3 Bd7 22. h3 Rxc1 23. Rxc1 Rc8 24. Kf1 Rxc1+ 25. Bxc1 b5 26. axb5 Bxb5+ 27. Ke1 Bb4+ 28. Bd2 Bxd2+ 29. Kxd2 Bf1 30. g3 Bxh3 31. Ng5 Bg2 32. f3 h6 33. Nxf7 Kxf7 34. Kc3 Nxe5 35. f4 Nc6 36. Kb2 Bf3 37. Ka3 Bd1 38. Ka4 Nd4 39. Ka5 Bxb3 40. Kxa6 Ne2 41. Kb6 Nxg3 42. Kc6 d4 43. f5 Nxf5 44. Kc5 d3 45. Kb4 d2 0-1

[Event "SVK-ch U14"]
[Site "Stara Lubovna"]
[Date "2022.05.22"]
[Round "2"]
[White "Paholok, Adam"]
[Black "Durana, Jonas"]
[Result "0-1"]
[WhiteElo "1449"]
[BlackElo "1644"]
[PlyCount "70"]
[EventDate "2022.05.21"]
[EventType "swiss"]
[EventRounds "9"]
[EventCountry "SVK"]
[SourceTitle "CBM 208 Extra"]
[Source "ChessBase"]
[SourceDate "2022.07.31"]
[SourceVersion "1"]
[SourceVersionDate "2022.07.31"]
[SourceQuality "1"]

1. e4 c5 2. Nf3 d6 3. d4 cxd4 4. Qxd4 Nc6 5. Bb5 Bd7 6. Bxc6 Bxc6 7. Nc3 Nf6 8. Bg5 e5 9. Qd3 h6 10. Be3 Be7 11. 0-0-0 a6 12. Rhg1 b5 13. a3 Rc8 14. g4 Qc7 15. g5 hxg5 16. Bxg5 Qa5 17. Bd2 b4 18. Nd5 Bxd5 19. Bxb4 Qc7 20. exd5 e4 21. Qb3 exf3 22. Rd3 Rxh2 23. Re1 Rxf2 24. Rc3 Qd7 25. Rxc8+ Qxc8 26. Bxd6 Re2 27. Rxe2 fxe2 28. Qe3 Qd7 29. Bxe7 Qxe7 30. Qxe7+ Kxe7 31. Kd2 Kd6 32. Kxe2 Kxd5 33. Ke3 Ng4+ 34. Kf4 Ne5 35. Ke3 Nc4+ 0-1

[Event "EU-ch U10"]
[Site "Bratislava"]
[Date "2019.08.07"]
[Round "6"]
[White "Qasem, Muhamad Mody"]
[Black "Paholok, Adam"]
[Result "0-1"]
[WhiteElo "1458"]
[BlackElo "1296"]
[PlyCount "92"]
[EventDate "2019.08.02"]
[EventType "swiss"]
[EventRounds "9"]
[EventCountry "SVK"]
[SourceTitle "EXT 2020"]
[Source "ChessBase"]
[SourceDate "2019.10.17"]
[SourceVersion "1"]
[SourceVersionDate "2019.10.17"]
[SourceQuality "1"]

1. d4 e6 2. c4 f5 3. Nf3 Nf6 4. e3 c6 5. Bd3 d5 6. 0-0 Bd6 7. Nbd2 0-0 8. b3 Bd7 9. Bb2 Be8 10. Rc1 Nbd7 11. Qc2 h6 12. Ne5 Bh5 13. Ndf3 Ne4 14. Nxd7 Qxd7 15. Ne5 Qe7 16. Be2 Qh4 17. Qd1 Bxe2 18. Qxe2 Rf6 19. f3 Ng5 20. f4 Ne4 21. Rf3 Bxe5 22. Rh3 Qg4 23. Qxg4 fxg4 24. dxe5 Rxf4 25. Rxh6 gxh6 26. exf4 Rf8 27. cxd5 cxd5 28. g3 Rd8 29. Bd4 Kf8 30. Rc2 Kg8 31. Kf1 a6 32. Ke2 Rd7 33. Kd3 Kf7 34. Rc8 Kg6 35. Rg8+ Kf5 36. Be3 Rc7 37. h3 Rc3+ 38. Ke2 Nxg3+ 39. Kf2 Ne4+ 40. Ke2 gxh3 41. Rh8 Ng3+ 42. Kf3 h2 43. Rxh6 h1Q+ 44. Kf2 Qf1+ 45. Kxg3 Rxe3+ 46. Kh4 Qh3# 0-1

[Event "EU-ch U10"]
[Site "Bratislava"]
[Date "2019.08.06"]
[Round "5"]
[White "Paholok, Adam"]
[Black "Olszewski, Antoni"]
[Result "1-0"]
[WhiteElo "1296"]
[BlackElo "1199"]
[PlyCount "95"]
[EventDate "2019.08.02"]
[EventType "swiss"]
[EventRounds "9"]
[EventCountry "SVK"]
[SourceTitle "EXT 2020"]
[Source "ChessBase"]
[SourceDate "2019.10.17"]
[SourceVersion "1"]
[SourceVersionDate "2019.10.17"]
[SourceQuality "1"]

1. c4 e5 2. Nc3 Nf6 3. e3 d6 4. Nge2 Be7 5. g3 Be6 6. Bg2 c6 7. 0-0 Bxc4 8. b3 Be6 9. Bb2 0-0 10. f4 exf4 11. Nxf4 Qd7 12. Qc2 Na6 13. Rf2 Nb4 14. Qd1 Bg4 15. Qf1 d5 16. a3 Na6 17. b4 Nc7 18. Qd3 Rad8 19. Rff1 Bf5 20. Qd4 Ne6 21. Nxe6 fxe6 22. Qxa7 Bd3 23. Rae1 Ng4 24. Rxf8+ Rxf8 25. Qd4 Nf2 26. Ne4 Bf6 27. Nxf6+ Rxf6 28. g4 Be4 29. Qa7 Rf8 30. Rf1 Bxg2 31. Rxf2 Rxf2 32. Kxf2 Be4 33. Qb8+ Kf7 34. Qf4+ Kg8 35. Qb8+ Kf7 36. Qf4+ Kg8 37. Kg3 Qf7 38. Qb8+ Qf8 39. Qf4 Qxf4+ 40. Kxf4 Kf7 41. Ke5 Ke7 42. Bd4 Bf3 43. Kf4 Be4 44. Bxg7 Bg6 45. Ke5 b5 46. h4 h5 47. g5 Kd7 48. Kf6 1-0

[Event "SVK-ch U10"]
[Site "Liptovsky Mikulas"]
[Date "2019.04.29"]
[Round "8"]
[White "Paholok, Adam"]
[Black "Marosi, Michal"]
[Result "1-0"]
[WhiteElo "1292"]
[BlackElo "1312"]
[PlyCount "87"]
[EventDate "2019.04.23"]
[EventType "swiss"]
[EventRounds "9"]
[EventCountry "SVK"]
[SourceTitle "CBM 190 Extra"]
[Source "ChessBase"]
[SourceDate "2019.07.15"]
[SourceVersion "1"]
[SourceVersionDate "2019.07.15"]
[SourceQuality "1"]

1. d4 d5 2. c4 c6 3. Nc3 e6 4. Nf3 Nf6 5. Bf4 Nbd7 6. Qc2 Qa5 7. cxd5 Nxd5 8. Bd2 Bb4 9. e4 Nxc3 10. bxc3 Be7 11. Bd3 0-0 12. 0-0 Re8 13. Be2 e5 14. d5 cxd5 15. c4 Qc5 16. exd5 b5 17. Rab1 bxc4 18. Bb4 Qc7 19. Bxe7 Rxe7 20. Bxc4 Nb6 21. Ng5 g6 22. d6 Qxd6 23. Rfd1 Qc7 24. Qe4 Bb7 25. Qh4 h5 26. Be2 e4 27. Rbc1 Qe5 28. f3 exf3 29. Bxf3 Bxf3 30. Nxf3 Qe3+ 31. Kh1 Qe6 32. Re1 Qxe1+ 33. Rxe1 Rc7 34. Qe4 Rac8 35. Qf4 Nd5 36. Qd2 Nf6 37. Qd6 Kg7 38. h3 Rc4 39. Re7 Rf8 40. Ng5 Ne8 41. Qe5+ Kh6 42. Rxf7 Rxf7 43. Nxf7+ Kh7 44. Qh8# 1-0

[Event "SVK-ch U10"]
[Site "Liptovsky Mikulas"]
[Date "2019.04.24"]
[Round "2"]
[White "Paholok, Adam"]
[Black "Sahidi, Sear"]
[Result "1-0"]
[WhiteElo "1292"]
[BlackElo "1142"]
[PlyCount "63"]
[EventDate "2019.04.23"]
[EventType "swiss"]
[EventRounds "9"]
[EventCountry "SVK"]
[SourceTitle "CBM 190 Extra"]
[Source "ChessBase"]
[SourceDate "2019.07.15"]
[SourceVersion "1"]
[SourceVersionDate "2019.07.15"]
[SourceQuality "1"]

1. d4 d5 2. c4 e6 3. Nf3 Nf6 4. Nc3 Nbd7 5. Qc2 Bb4 6. Bg5 0-0 7. e3 h6 8. Bf4 a6 9. 0-0-0 dxc4 10. Bxc4 b5 11. Bb3 Bb7 12. Ne5 Qe7 13. Rdg1 Bxc3 14. Qxc3 Ne4 15. Qc2 Rac8 16. Kb1 Nef6 17. f3 Nh5 18. Nxd7 Qxd7 19. Be5 Qe7 20. g4 Nf6 21. g5 hxg5 22. Rxg5 g6 23. Rxg6+ fxg6 24. Qxg6+ Qg7 25. Bxe6+ Kh8 26. Qxg7+ Kxg7 27. Rg1+ Kh8 28. Rg6 Rce8 29. Bxf6+ Kh7 30. Bf5 Rg8 31. Rg4+ Kh6 32. Rh4# 1-0

[Event "EU Union-ch U10"]
[Site "Kouty nad Desnou"]
[Date "2018.08.13"]
[Round "7"]
[White "Holestiakova, Nina"]
[Black "Paholok, Adam"]
[Result "0-1"]
[WhiteElo "1100"]
[BlackElo "1456"]
[PlyCount "72"]
[EventDate "2018.08.07"]
[EventType "swiss"]
[EventRounds "9"]
[EventCountry "CZE"]
[SourceTitle "CBM 186 Extra"]
[Source "ChessBase"]
[SourceDate "2018.08.24"]
[SourceVersion "1"]
[SourceVersionDate "2018.08.24"]
[SourceQuality "1"]

1. e4 e6 2. d4 d5 3. e5 c5 4. c3 Nc6 5. Nf3 Qb6 6. a3 Nh6 7. b4 cxb4 8. cxb4 Nf5 9. Bb2 Be7 10. Be2 0-0 11. 0-0 f6 12. Nbd2 Ncxd4 13. Nb3 Nxe2+ 14. Qxe2 Bd7 15. Rac1 Ba4 16. Nbd4 fxe5 17. Qxe5 Bf6 18. Qf4 Nxd4 19. Bxd4 Bxd4 20. Qxd4 Qxd4 21. Nxd4 e5 22. Ne6 Rf7 23. Nc5 Bb5 24. Rfe1 b6 25. Nb3 Re8 26. Nd2 Kf8 27. Kh1 Rxf2 28. Nf3 Ra2 29. Ra1 Rxa1 30. Rxa1 Kf7 31. Rd1 d4 32. Re1 Kf6 33. Kg1 d3 34. Rd1 e4 35. Kf2 exf3 36. Kxf3 Re2 0-1

[Event "EU Union-ch U10"]
[Site "Kouty nad Desnou"]
[Date "2018.08.10"]
[Round "4"]
[White "Lazniewska, Zofia"]
[Black "Paholok, Adam"]
[Result "1-0"]
[WhiteElo "1261"]
[BlackElo "1456"]
[PlyCount "53"]
[EventDate "2018.08.07"]
[EventType "swiss"]
[EventRounds "9"]
[EventCountry "CZE"]
[SourceTitle "CBM 186 Extra"]
[Source "ChessBase"]
[SourceDate "2018.08.24"]
[SourceVersion "1"]
[SourceVersionDate "2018.08.24"]
[SourceQuality "1"]

1. e4 e5 2. Nf3 Nf6 3. Nxe5 d6 4. Nf3 Nxe4 5. d3 Nf6 6. Nc3 Nc6 7. d4 d5 8. Bb5 Bd7 9. 0-0 Be7 10. Re1 0-0 11. Bxc6 Bxc6 12. Ne5 Rb8 13. Nxc6 bxc6 14. a3 c5 15. dxc5 Bxc5 16. b4 Bb6 17. Na4 Re8 18. Rxe8+ Qxe8 19. Nxb6 Rxb6 20. Be3 Ra6 21. h3 h6 22. Qd4 Qc6 23. Qd3 Nd7 24. b5 Qf6 25. Bd4 Qg6 26. bxa6 Qxd3 27. cxd3 1-0

[Event "SVK-ch U10"]
[Site "Liptovsky Mikulas"]
[Date "2018.04.25"]
[Round "7"]
[White "Cerven, Samuel"]
[Black "Paholok, Adam"]
[Result "1-0"]
[WhiteElo "1270"]
[BlackElo "1535"]
[PlyCount "23"]
[EventDate "2018.04.21"]
[EventType "swiss"]
[EventRounds "9"]
[EventCountry "SVK"]
[SourceTitle "CBM 184 Extra"]
[Source "ChessBase"]
[SourceDate "2018.06.28"]
[SourceVersion "1"]
[SourceVersionDate "2018.06.28"]
[SourceQuality "1"]

1. e4 e5 2. Nf3 Nc6 3. d4 exd4 4. Bc4 Bb4+ 5. c3 dxc3 6. 0-0 cxb2 7. Bxb2 d6 8. Bxg7 Qe7 9. Bxh8 Qxe4 10. Nbd2 Bxd2 11. Nxd2 Qd4 12. Bxd4 1-0

[Event "SVK-ch U08"]
[Site "Liptovsky Mikulas"]
[Date "2017.04.25"]
[Round "6"]
[White "Paholok, Adam"]
[Black "Sevcik, Ondrej"]
[Result "1-0"]
[WhiteElo "1000"]
[BlackElo "1000"]
[PlyCount "69"]
[EventDate "2017.04.22"]
[EventType "swiss"]
[EventRounds "9"]
[EventCountry "SVK"]
[SourceTitle "CBM 178 Extra"]
[Source "ChessBase"]
[SourceDate "2017.06.22"]
[SourceVersion "1"]
[SourceVersionDate "2017.06.22"]
[SourceQuality "1"]

1. e4 e5 2. Nf3 Nc6 3. Bc4 Bb4 4. 0-0 Nf6 5. Nc3 Bxc3 6. dxc3 0-0 7. Bg5 Na5 8. Bd5 c6 9. Bb3 Nxb3 10. cxb3 Qe8 11. Bxf6 gxf6 12. h3 d6 13. Qxd6 Qe6 14. Qd1 Kh8 15. Re1 Rg8 16. g3 Qxh3 17. Nd2 Rxg3+ 18. fxg3 Qxg3+ 19. Kf1 Bd7 20. Qf3 Qh2 21. Re2 Rg8 22. Rxh2 Bg4 23. Qd3 b5 24. Rg2 a5 25. Kf2 Bh3 26. Rxg8+ Kxg8 27. Qxh3 b4 28. Qc8+ Kg7 29. Qxc6 bxc3 30. Qxc3 h5 31. Qxa5 h4 32. Rh1 h3 33. Rg1+ Kh6 34. Qc3 h2 35. Qh3# 1-0